Guderian : (Record no. 14386)
[ view plain ]
| 000 -LEADER | |
|---|---|
| fixed length control field | 02038nam a2200205 a 4500 |
| 001 - CONTROL NUMBER | |
| control field | ASIN8182744792 |
| 005 - DATE AND TIME OF LATEST TRANSACTION | |
| control field | 20170105102854.0 |
| 008 - FIXED-LENGTH DATA ELEMENTS--GENERAL INFORMATION | |
| fixed length control field | 130822s2010 xxu eng d |
| 020 ## - INTERNATIONAL STANDARD BOOK NUMBER | |
| International Standard Book Number | 8182744792 (hardcover) |
| Terms of availability | $37.50 |
| 020 ## - INTERNATIONAL STANDARD BOOK NUMBER | |
| International Standard Book Number | 9788182744790 (hardcover) |
| 040 ## - CATALOGING SOURCE | |
| Original cataloging agency | 0 |
| 082 ## - DEWEY DECIMAL CLASSIFICATION NUMBER | |
| Classification number | 940.5343 |
| 100 1# - MAIN ENTRY--PERSONAL NAME | |
| Personal name | Hart, Russell A. |
| 245 10 - TITLE STATEMENT | |
| Title | Guderian : |
| Remainder of title | panzer pioneer or myth maker? / |
| Statement of responsibility, etc. | Russell A. Hart. |
| 260 ## - PUBLICATION, DISTRIBUTION, ETC. | |
| Place of publication, distribution, etc. | [S.l.] : |
| Name of publisher, distributor, etc. | Pentagon Press, |
| Date of publication, distribution, etc. | 2010. |
| 300 ## - PHYSICAL DESCRIPTION | |
| Extent | 160 p. ; |
| Dimensions | 22 cm. |
| 520 ## - SUMMARY, ETC. | |
| Summary, etc. | While it remains one of the most widely read accounts of World War II, Russell A. Hart argues that too many of Guderian's biographers have accepted his view of his accomplishments at face value, without sufficient critical scrutiny. Unfortunately, an undeserved hagiography has resulted. While undoubtedly a great military figure of appreciable ego and ambition and with a volatile, impetuous, and difficult personality, Guderian was determined to achieve his vision of a war-winning armored force irrespective of the consequences. He proved to be a man who was politically naive enough to fall under the sway of Hitler and National Socialism and yet arrogant enough to believe he could save Germany from inevitable defeat late in the war, despite Hitler's interference. At the same time, Guderian failed either to participate in attempts to remove Hitler or to denounce as traitors the conspirators who did. In the end, he twisted the truth to establish his place in history. In the process, he denigrated the myriad important contributions of his fellow officers as he took personal credit for what were, in reality, collective accomplishments. Thus, he succeeded in creating a legend that has endured long after his death. This brief biography puts the record straight by placing Guderian's career and accomplishments into sharper and more accurate relief. It exposes the real Heinz Guderian, not the man of legend. |
| 856 40 - ELECTRONIC LOCATION AND ACCESS | |
| Materials specified | Amazon.com |
| Uniform Resource Identifier | <a href="http://www.amazon.com/exec/obidos/ASIN/8182744792/chopaconline-20">http://www.amazon.com/exec/obidos/ASIN/8182744792/chopaconline-20</a> |
| 942 ## - ADDED ENTRY ELEMENTS (KOHA) | |
| Source of classification or shelving scheme | |
| Koha item type | Book |
| Withdrawn status | Lost status | Damaged status | Not for loan | Collection code | Permanent Location | Current Location | Shelving location | Date acquired | Total Checkouts | Full call number | Barcode | Date last seen | Price effective from | Koha item type |
|---|---|---|---|---|---|---|---|---|---|---|---|---|---|---|
| Centre for International Peace & Stability (CIPS) | Centre for International Peace & Stability (CIPS) | General Stacks | 08/05/2013 | 940.5343 PIO 2010 | CIPS0000537 | 08/22/2013 | 01/05/2017 | Book |
